Poetry and prose (Record no. 10132)
[ view plain ]
| 000 -LEADER | |
|---|---|
| fixed length control field | 00435nam a22001697a 4500 |
| 003 - CONTROL NUMBER IDENTIFIER | |
| control field | OSt |
| 005 - DATE AND TIME OF LATEST TRANSACTION | |
| control field | 20160128122042.0 |
| 008 - FIXED-LENGTH DATA ELEMENTS--GENERAL INFORMATION | |
| fixed length control field | 160128b xxu||||| |||| 00| 0 eng d |
| 020 ## - INTERNATIONAL STANDARD BOOK NUMBER | |
| International Standard Book Number | 6722325 |
| 040 ## - CATALOGING SOURCE | |
| Original cataloging agency | SEKU |
| 050 ## - LIBRARY OF CONGRESS CALL NUMBER | |
| Classification number | PR2245 |
| Item number | .A5 1967 |
| 100 ## - MAIN ENTRY--PERSONAL NAME | |
| Personal name | Donne, John |
| 245 ## - TITLE STATEMENT | |
| Title | Poetry and prose |
| Statement of responsibility, etc. | John, Donne. |
| 260 ## - PUBLICATION, DISTRIBUTION, ETC. (IMPRINT) | |
| Place of publication, distribution, etc. | New York.; |
| Name of publisher, distributor, etc. | Modern Library |
| Date of publication, distribution, etc. | c1967 |
| 500 ## - GENERAL NOTE | |
| General note | includes table of contents and index |
| 942 ## - ADDED ENTRY ELEMENTS (KOHA) | |
| Source of classification or shelving scheme | Library of Congress Classification |
| Koha item type | General circulation |
| Withdrawn status | Lost status | Source of classification or shelving scheme | Damaged status | Not for loan | Home library | Current library | Shelving location | Date acquired | Source of acquisition | Total Checkouts | Full call number | Barcode | Date last seen | Price effective from | Koha item type | Public note |
|---|---|---|---|---|---|---|---|---|---|---|---|---|---|---|---|---|
| Library of Congress Classification | Wote Campus Library | Wote Campus Library | General Stacks | 28/01/2016 | donation- books for Africa | PR2245 .A5 1967 | 2016/011120 | 28/01/2016 | 28/01/2016 | General circulation | GM |